Bioelectric impedance in dental diagnosis and treatemnt (Record no. 34181)

MARC details
000 -LEADER
fixed length control field 00432nam a22001697a 4500
003 - CONTROL NUMBER IDENTIFIER
control field SGT
020 ## - INTERNATIONAL STANDARD BOOK NUMBER
International Standard Book Number 9786200451477
082 ## - DEWEY DECIMAL CLASSIFICATION NUMBER
Classification number 617.601
Item number B25S
100 ## - MAIN ENTRY--PERSONAL NAME
Personal name Sikri, Prachi
245 ## - TITLE STATEMENT
Title Bioelectric impedance in dental diagnosis and treatemnt
260 ## - PUBLICATION, DISTRIBUTION, ETC. (IMPRINT)
Name of publisher, distributor, etc Lambert Academic Publishing
Year of Publication 2025
300 ## - PAGE DESCRIPTION
No. of Pages 43
650 ## - SUBJECT ADDED ENTRY--TOPICAL TERM
Topical term or geographic name as entry element Public health dentistry
700 ## - ADDED ENTRY--PERSONAL NAME
Personal name Khan, Aleena
700 ## - ADDED ENTRY--PERSONAL NAME
Personal name Chopra, Meenakshi
942 ## - ADDED ENTRY ELEMENTS (KOHA)
Source of classification or shelving scheme Dewey Decimal Classification
Koha item type Books
Holdings
Withdrawn status Lost status Source of classification or shelving scheme Damaged status Not for loan Home library Current library Date acquired SGTU Full call number Accession No. (Barcode) Date last seen Bill Date Koha item type
    Dewey Decimal Classification     SGT Dental Library SGT Dental Library 23/02/2026 SGTU 617.601 B25S FD10181 23/02/2026 23/02/2026 Books